Erdolvorkommen der Welt.

Bibliographic Details
Main Author: Stahmer, Alfred M.
Format: Book
Language:German
Published: Mainz : Huthig und Dreyer, [1956]
Edition:[2. uberarb. Aufl.].
Series:Erdol-Bucherei ; Bd. 1.
Subjects:

MARC

Tag First Indicator Second Indicator Subfields
LEADER 00000cam a2200000 4500
001 in00000093679
005 20150927070209.0
008 800404s1956 gw ab 00000 ger d
035 |a (OCoLC)06168995 
035 |9 AAL5527AM 
040 |a TXA  |c TXA  |d UtOrBLW 
049 |a TXAM  |c [348045] 
090 |a TN870  |b .A22 Bd. 1, 1956 
100 1 |a Stahmer, Alfred M. 
245 1 0 |a Erdolvorkommen der Welt. 
250 |a [2. uberarb. Aufl.]. 
264 1 |a Mainz :  |b Huthig und Dreyer,  |c [1956] 
264 4 |c [©1956] 
300 |a 74 pages :  |b illustrations, maps. 
336 |a text  |b txt  |2 rdacontent 
337 |a unmediated  |b n  |2 rdamedia 
338 |a volume  |b nc  |2 rdacarrier 
490 1 |a ABC des Erdols,  |v Bd. 1 
500 |a Die Shell Bucherei. 
650 0 |a Petroleum industry and trade. 
650 0 |a Oil fields. 
830 0 |a Erdol-Bucherei ;  |v Bd. 1. 
999 |a MARS 
999 f f |s 8602f02a-b4e0-30b3-b4fa-64974e5ec7fd  |i 72028e13-97ac-382b-9ce9-43c817d31c2d  |t 0 
952 f f |p ric  |a Texas A&M University  |b Rellis Campus  |c Joint Library Facility  |d Remote Storage  |t 0  |e TN870 .A22 Bd. 1, 1956  |h Library of Congress classification  |i unmediated -- volume  |m A14805585688 
998 f f |a TN870 .A22 Bd. 1, 1956  |t 0  |l Remote Storage